000
00246nam a22000977a 4500
999
_c
515198
_d
515198
082
_a
TNC A6x5125 K743
100
_a
Knight, Bill
_9
20413
245
_a
Hong Kong 1985
_c
Bill,Knight
260
_a
Hong Kong
_b
Hong Kong Government
_c
1985
300
_a
358p.